|
|
|
|
| LEADER |
00885nam a22002411a 4500 |
| 001 |
000032981 |
| 003 |
9108 |
| 005 |
20151016151422.0 |
| 008 |
151016s2004 000 |
| 082 |
|
|
|a 495.923
|b VU-C
|
| 100 |
|
|
|a Vũ An Chương
|
| 245 |
|
|
|a Từ điển Việt - Anh 250.000 mục từ
|c Vũ An Chương
|
| 260 |
|
|
|a VH - TT
|c 2004
|
| 300 |
|
|
|a 1267tr. : mh ; 25 cm
|
| 650 |
|
|
|a Từ điển, Việt - Anh, Vietnamese - English, Dictionary, Việt, 2004, Vũ An Chương
|
| OWN |
|
|
|a LNN
|
| AVA |
|
|
|a UDN50
|b LNN
|d 495.923 VU-C
|e available
|t Error 5001 Not defined in file expand_doc_bib_avail.
|f 1
|g 0
|h N
|i 0
|k 1
|
| 999 |
|
|
|a From the UDN01
|
| AVA |
|
|
|a UDN50
|b LNN
|d 495.923 VU-C
|e available
|t Error 5001 Not defined in file expand_doc_bib_avail.
|f 1
|g 0
|h N
|i 0
|k 1
|
| TYP |
|
|
|a Monograph
|
| 980 |
|
|
|a Mạng thư viện Đại học Đà Nẵng
|